000 00481nam a2200169Ia 4500
999 _c36738
_d36738
003 OSt
005 20210909104915.0
008 190216s9999||||xx |||||||||||||| ||und||
040 _coclc
082 _a297.124
_bALT/T
100 _aAl Tahan, Mahmood
_98747
245 0 _aThaiseeru Musthala Hathul Hadees /
_cMahmood Al Tahan
260 _bKitabul Islam,
_aDelhi:
300 _a240p
650 _aArabic
942 _cREF
_2ddc
_h297.124
_iALT/T
_k297.124
_mALT/T